000 00963nam a22002297a 4500
999 _c64486
_d64486
005 20240530110734.0
008 180415s2008 ua a g b 000 0 ara d
017 _bمصر. دار الكتب
_a2008/3933
020 _a9774376323
040 _aEG-CaGPL
_cEG-CaGPL
082 0 4 _221
_a181.2\
_bج ت
100 1 _aجيمس ، جورج جى. ام.
245 1 2 _aالتراث المسروق :
_bالفلسفة اليونانية فلسفة مصرية مسروقة /
_cجورج جى. ام. جيمس ؛ ترجمة وتقديم شوقى جلال
260 _aالقاهرة :
_bوزارة الثقافة : الهيئة العامة لقصور الثقافة ،
_c2008 .
300 _a367 ص. ؛
_c22 سم.
650 0 7 _2qrmak
_aالفلسفة اليونانية
650 0 7 _2qrmak
_aالفلسفة الحديثة
651 _2qrmak
700 0 _aشوقى جلال
_eمترجم
_eمقدم
942 _2ddc
_cBK